| 000 | 00937cam a2200301 a 4500 | ||
|---|---|---|---|
| 001 | 4470396 | ||
| 003 | ARRUPE | ||
| 005 | 20141118141303.0 | ||
| 008 | 891221s1986 ilu b 000 0 eng d | ||
| 020 | _a0883471884 | ||
| 035 | _a(OCoLC)15247818 | ||
| 035 | _a(OCoLC)ocm15247818 | ||
| 035 | _a(NNC)4470396 | ||
| 040 |
_aNNUT _cNNUT |
||
| 050 |
_aBT301.2 _b.C771 |
||
| 100 | 1 |
_aCook, Michael L. _q(Michael LaVelle), _d1936- _912557 |
|
| 245 | 1 | 4 |
_aThe historical Jesus / _cMichael L. Cook. |
| 260 |
_aChicago : _bThomas More Press, _cc1986. |
||
| 300 |
_a117 p. ; _c21 cm. |
||
| 490 | 1 | _aGuidelines for contemporary Catholics | |
| 504 | _aBibliography: p. 113-116. | ||
| 600 | 0 | 0 |
_aJesus Christ _xHistoricity. _9558 |
| 600 | 0 | 0 |
_aJesus Christ _xHistory of doctrines. _97447 |
| 610 | 2 | 0 |
_aCatholic Church _xDoctrines. _912713 |
| 830 | 0 |
_aGuidelines for contemporary Catholics. _912714 |
|
| 942 |
_2lcc _cMONOGRAPH |
||
| 999 |
_c121262 _d121262 |
||